00463nam a2200145Ia 4500008004100000020001800041082001200059100001800071245003500089260000900124500003300133942000700166952012900173999001500302260604s9999 xx 000 0 und d a9780857029874 a302 KIS aTHUSSU935107 0aINTERNATIONAL COMMUNICATION -2 bSAGE aCommunication, International cBK 00104070aIIMVbIIMVcLOCKERd2026-06-04g84099.50l0o302 KISp003483r2026-06-04 10:18:01v84099.50w2026-06-04yBKBKIS c7865d7865